000 00313nam a22001457a 4500
020 _a81-87083-07-7
082 _a894.812.3
_bGOP/U
100 _aGOPALAKRISHNAN, V.T
245 _aULKKAZCHA
260 _aKOLLAM
_bIMPRINT BOOKS
_c1998
300 _a142
520 _aCRITICISM
650 _aCRITICISM
942 _cBK
999 _c5490
_d5490